000 00830cab a2200193 4500
001 L136443
008 070131n2005 000 0 eng u
035 _a(Sirsi) u136443
041 0 _aeng
245 0 4 _aThe guide to careers in planning 2006-2007
260 _c2005
490 0 _aPlanning
_vSeptember 2005 Supplement, 1-35(24) (LOAN)
520 _aDiscusses how planners are responding to the threat of climate change and other environmental challenges, how housing renewal and growth relies on the planning system, new options given by councils to trainee planners, the job satisfaction of regenerating deprived areas and how the nation's transport helps fulfil social need.
590 _aKA
651 4 _aUnited Kingdom
_y
690 _aPlanning and development
_96259
700 1 _aJohnston, Bryan
_eEditor
942 _n0
999 _c78294
_d78294